000 00546nam a2200169 i 4500
001 23184
003 ES-MaACL
005 20231228062551.0
007 t|
008 021209s1962 sp ||||1| spa d
100 1 _aAlonso, Dámaso,
_d1898-1990
_920195
245 1 0 _aDel Siglo de Oro a este siglo de siglas
_b: (notas de artículos a través de 350 años de Letras Españolas /
_cDámaso Alonso.
260 _aMadrid :
_bGredos,
_c[1962]
300 _a296 p., 1 lám. ;
_c21 cm.
852 _aES-MaACL
_jC-22272
_bR.51011
999 _c23184
_d23184